|
|
|
|
| LEADER |
00943nas a2200253 u 4500 |
| 001 |
10028317 |
| 003 |
upatras |
| 005 |
20210117195644.0 |
| 008 |
910108s1949 fr q p fre |
| 022 |
|
|
|a 0037-9328
|
| 040 |
|
|
|a GR-PaULI
|c GR-PaULI
|
| 041 |
0 |
|
|a fre
|
| 082 |
0 |
4 |
|a 548/549
|
| 110 |
|
0 |
|a Societe francaise de mineralogie et de cristallographie
|9 24855
|
| 222 |
|
0 |
|a Bulletin de la Societe francaise de mineralogie et de cristallographie
|b [Περιοδικό]
|
| 245 |
1 |
0 |
|a Bulletin de la Societe francaise de mineralogie et de cristallographie
|h [Περιοδικό]
|
| 260 |
|
|
|a Paris
|b Masson
|
| 310 |
|
|
|a Τριμηνιαίο
|
| 362 |
0 |
|
|a 93(1970) - 100(1977)
|
| 852 |
|
|
|a GR-PaULI
|b ΠΑΤΡΑ
|b ΒΚΠ
|b Γ
|k ΠΕΡ
|m 250
|t 1
|3 93(1970)-100(1977)
|
| 866 |
|
|
|a 93(1970)-100(1977)
|
| 942 |
|
|
|2 ddc
|s 1
|c JNL
|
| 952 |
|
|
|0 0
|1 0
|4 0
|7 0
|9 21861
|a LISP
|b LISP
|c SER
|d 2016-04-24
|i 250
|l 0
|r 2016-04-24 00:00:00
|t 1
|w 2016-04-24
|y JNL
|
| 999 |
|
|
|c 13211
|d 13211
|